គំរោងនៃការរៀបចំបូណ្យរុក្ខទិវា ឆ្នាំ1992 នៅភ្នំអដ្ឋរស្ស (Record no. 3058)

000 -LEADER
fixed length control field 00522nam a22001577a 4500
003 - CONTROL NUMBER IDENTIFIER
control field OSt
005 - DATE AND TIME OF LATEST TRANSACTION
control field 20151103151223.0
008 - FIXED-LENGTH DATA ELEMENTS--GENERAL INFORMATION
fixed length control field 151103b xxu||||| |||| 00| 0 eng d
040 ## - CATALOGING SOURCE
Transcribing agency RUA
082 ## - DEWEY DECIMAL CLASSIFICATION NUMBER
Classification number FOR អី 1992​ B117 Or.1
100 ## - MAIN ENTRY--PERSONAL NAME
9 (RLIN) 3276
Personal name អី វីរៈ
245 ## - TITLE STATEMENT
Title គំរោងនៃការរៀបចំបូណ្យរុក្ខទិវា ឆ្នាំ1992 នៅភ្នំអដ្ឋរស្ស
260 ## - PUBLICATION, DISTRIBUTION, ETC. (IMPRINT)
Place of publication, distribution, etc. Phnom Penh
Name of publisher, distributor, etc. RUA
Date of publication, distribution, etc. 1992
300 ## - PHYSICAL DESCRIPTION
Extent 96p.
Other physical details ill.
Dimensions 29cm.
942 ## - ADDED ENTRY ELEMENTS (KOHA)
Source of classification or shelving scheme
Koha item type FOR
Holdings
Price effective from Date last seen Permanent Location Not for loan Date acquired Source of classification or shelving scheme Koha item type Lost status Withdrawn status Date last checked out Total Checkouts Shelving location Damaged status Barcode Current Location Full call number
2015-11-032015-11-03Library Block B 2015-11-03 FOR    B117 RUA026458Library Block BFOR អី 1992​ B117 Or.1
2015-11-032015-11-03Library Block B 2015-11-03 FOR    B117 RUA027857Library Block BFOR អី 1992​ B117 Or.2
2015-11-032016-08-01Library Block B 2015-11-03 FOR  2016-07-121B117 RUA027965Library Block BFOR អី 1992​ B117 Or.3
មជ្ឈមណ្ឌលឯការនៃសាកលវិទ្យាល័យភូមិន្ទកសិកម្មចំការដូង

Powered by Koha